Micro Words Quiz Stats

 Plays Quiz Updated Aug 10, 2017

Support Sporcle.
Go Orange.
Score 0/20 Timer 05:00
0 Plays Today
% Correct
Microbrew
91.3%
Microscope
90.7%
Microwave
90.4%
Micromanage
88.6%
Micronesia
88.2%
Microphone
87.1%
Microchip
84.8%
Microcephaly
83.8%
Microburst
82.9%
Microbe
82.6%
% Correct
Microanalysis
79.1%
Microlith
79.1%
Microfiche
77.8%
Micron
77.7%
Microstate
76.7%
Micronutrient
74.8%
Microeconomics
74.8%
Microcyte
73.5%
Microcosm
73.2%
Microdot
61.3%

You're not logged in!

Compare scores with friends on all Sporcle quizzes.
OR
Log In
Forgot?

From the Vault

Presidential Medal of Freedom Recipients

by timmylemoine1

What better way to honor these memorable figures?
Remove Ads.
Support Sporcle.
Get the best of Sporcle when you Go Orange. This ad-free experience offers more features, more stats, and more fun while also helping to support Sporcle. Thank you for becoming a member.

Show Comments

Extras

Top Quizzes Today


Score Distribution

Your Account Isn't Verified!

In order to create a playlist on Sporcle, you need to verify the email address you used during registration. Go to your Sporcle Settings to finish the process.

Report this User

Report this user for behavior that violates our Community Guidelines.

Details: